000 00518nam a2200169Ia 4500
003 GCL
008 140319s9999 xx 000 0 ara d
040 _aGCL /
_cGCL
082 0 4 _aد
_b050
100 1 _aمحمد ابراهيم ابوسنة
245 1 0 _aدراسات فى الشعر العربى (اقرا 452 ) /
_cمحمد ابراهيم ابوسنة
300 _a131
490 _aاقرأ
_v0
650 0 4 _aالشعر العربى
650 0 4 _aالشعر العربى - تاريخ ونقد
942 _2ddc
_cBK
999 _c48650
_d48650